[Event "BL2 Sued 1920 (Women)"]
[Site "Germany"]
[Date "2019.09.14"]
[Round "1.6"]
[White "Kuenle, Teresa"]
[Black "Liu, Sijia Anna"]
[Result "1/2-1/2"]
[WhiteElo "1843"]
[BlackElo "1749"]
[PlyCount "82"]
[EventDate "2019.09.14"]
[EventType "team-tourn"]
[EventRounds "7"]
[EventCountry "GER"]
[SourceTitle "EXT 2021"]
[Source "ChessBase"]
[SourceDate "2020.10.23"]
[SourceVersion "1"]
[SourceVersionDate "2020.10.23"]
[SourceQuality "1"]
[WhiteTeam "Freiburg Zaehringen (W)"]
[BlackTeam "Stuttgart Wolfbusch (W)"]
[WhiteTeamCountry "GER"]
[BlackTeamCountry "GER"]

1. e4 c5 2. Nf3 e6 3. d3 Nc6 4. Bf4 Nf6 5. Be2 d6 6. 0-0 g6 7. c3 Bg7 8. Nbd2 0-0 9. Nc4 d5 10. exd5 exd5 11. Nd6 Nh5 12. Qd2 Qf6 13. g3 Nxf4 14. Qxf4 Qxf4 15. gxf4 Bg4 16. Nxb7 Rab8 17. Nxc5 Rxb2 18. Bd1 Bh3 19. Na4 Bxf1 20. Nxb2 Bxc3 21. Kxf1 Bxb2 22. Rb1 Ba3 23. Rb7 Bd6 24. Ne5 Nxe5 25. fxe5 Bxe5 26. Rxa7 Bxh2 27. Rd7 Rb8 28. Bb3 Rb4 29. Bxd5 Rg4 30. Bxf7+ Kh8 31. d4 h5 32. a4 h4 33. a5 h3 34. Be6 Rg1+ 35. Ke2 Ra1 36. Bxh3 Rxa5 37. d5 Be5 38. Be6 Ra4 39. Rb7 Rd4 40. f3 Bf4 41. Rb1 Rd2+ 1/2-1/2

[Event "Pfalz op-B 10th"]
[Site "Neustadt an der Weinstrasse"]
[Date "2019.03.02"]
[Round "3"]
[White "Shahisavandi, Abdollah"]
[Black "Liu, Sijia Anna"]
[Result "1-0"]
[WhiteElo "1816"]
[BlackElo "1637"]
[PlyCount "79"]
[EventDate "2019.03.01"]
[EventType "swiss"]
[EventRounds "7"]
[EventCountry "GER"]
[SourceTitle "CBM 189 Extra"]
[Source "ChessBase"]
[SourceDate "2019.06.03"]
[SourceVersion "1"]
[SourceVersionDate "2019.06.03"]
[SourceQuality "1"]

1. d4 Nf6 2. c4 g6 3. Nc3 Bg7 4. Nf3 0-0 5. e4 d6 6. Be2 e5 7. 0-0 Nc6 8. d5 Ne7 9. b4 Nd7 10. Bd2 f5 11. Qc1 f4 12. g3 Nf6 13. Kg2 Qd7 14. Ng5 Bh6 15. Ne6 Rf7 16. gxf4 exf4 17. Kh1 Ne8 18. Bg4 Nf6 19. Bf3 Ne8 20. Rg1 Ng7 21. Bg4 Qe8 22. Nxc7 Qd8 23. Nxa8 Bxg4 24. Rxg4 Nh5 25. Nb5 Nf6 26. Rh4 Bg5 27. Rh3 Nxe4 28. Rf3 Qd7 29. a4 Qg4 30. Raa3 Nf5 31. Qg1 Qh5 32. Be1 Nh4 33. Nd4 Bh6 34. Rh3 f3 35. Nxf3 Rf4 36. Nxh4 Ng5 37. Nxg6 Qxg6 38. Rhg3 Qe4+ 39. f3 Rxf3 40. Raxf3 1-0

[Event "GER-ch U14 Girls"]
[Site "Willingen"]
[Date "2018.05.23"]
[Round "5"]
[White "Reuter, Elisa"]
[Black "Liu, Sijia Anna"]
[Result "1/2-1/2"]
[WhiteElo "1770"]
[BlackElo "1747"]
[PlyCount "86"]
[EventDate "2018.05.19"]
[EventType "swiss"]
[EventRounds "9"]
[EventCountry "GER"]
[SourceTitle "CBM 184 Extra"]
[Source "ChessBase"]
[SourceDate "2018.06.28"]
[SourceVersion "1"]
[SourceVersionDate "2018.06.28"]
[SourceQuality "1"]

1. e4 c5 2. Nf3 d6 3. d4 cxd4 4. Nxd4 Nf6 5. Nc3 a6 6. Be2 e6 7. 0-0 Be7 8. Be3 b5 9. a3 0-0 10. f4 Bb7 11. Bf3 Nc6 12. Kh1 Qc7 13. g4 Nxd4 14. Qxd4 e5 15. Qd2 d5 16. exd5 e4 17. Nxe4 Nxd5 18. c3 Rad8 19. Bg2 Rfe8 20. Bd4 Nf6 21. Nxf6+ Bxf6 22. Rad1 Bxd4 23. cxd4 Bxg2+ 24. Kxg2 Qc4 25. Qd3 Re2+ 26. Rf2 Qd5+ 27. Qf3 Re4 28. Rc2 h6 29. Kg3 Rxd4 30. Qxd5 R8xd5 31. Rxd4 Rxd4 32. Kf3 Kf8 33. Ke3 Rd1 34. f5 Ke7 35. Rc6 Rd6 36. Rxd6 Kxd6 37. Kd4 a5 38. b4 axb4 39. axb4 f6 40. h4 Kc6 41. h5 Kd6 42. Ke4 Kc6 43. Kd4 Kd6 1/2-1/2

[Event "GER-ch U14 Girls"]
[Site "Willingen"]
[Date "2018.05.21"]
[Round "3"]
[White "Liu, Sijia Anna"]
[Black "Wagner, Victoria"]
[Result "1-0"]
[WhiteElo "1747"]
[BlackElo "1681"]
[PlyCount "65"]
[EventDate "2018.05.19"]
[EventType "swiss"]
[EventRounds "9"]
[EventCountry "GER"]
[SourceTitle "CBM 184 Extra"]
[Source "ChessBase"]
[SourceDate "2018.06.28"]
[SourceVersion "1"]
[SourceVersionDate "2018.06.28"]
[SourceQuality "1"]

1. e4 c5 2. Nf3 d6 3. d4 cxd4 4. Nxd4 Nf6 5. Nc3 a6 6. Be2 e5 7. Nb3 Be6 8. 0-0 Be7 9. Kh1 0-0 10. f4 Qc7 11. f5 Bc4 12. g4 Bxe2 13. Qxe2 h6 14. g5 hxg5 15. Bxg5 Re8 16. Qg2 Kh8 17. Qh3+ Nh7 18. Bxe7 Qxe7 19. Nd5 Qd7 20. Nb6 Qc6 21. Nxa8 Nd7 22. Rg1 Rxa8 23. Rg4 Ndf6 24. Rh4 Kg8 25. Qg2 Qe8 26. Rg1 Qf8 27. Nd2 Ne8 28. Qh3 Nef6 29. Nf3 Kh8 30. Ng5 Qg8 31. Nxh7 Nxh7 32. Rgg4 Rc8 33. Rxh7+ 1-0

[Event "GER-ch U12 Girls"]
[Site "Willingen"]
[Date "2017.06.06"]
[Round "5"]
[White "Liu, Sijia Anna"]
[Black "Dietz, Kristin"]
[Result "0-1"]
[WhiteElo "1520"]
[BlackElo "1609"]
[PlyCount "136"]
[EventDate "2017.06.04"]
[EventType "swiss"]
[EventRounds "11"]
[EventCountry "GER"]
[SourceTitle "CBM 178 Extra"]
[Source "ChessBase"]
[SourceDate "2017.06.22"]
[SourceVersion "1"]
[SourceVersionDate "2017.06.22"]
[SourceQuality "1"]

1. e4 c5 2. Nf3 e6 3. d4 cxd4 4. Nxd4 Nf6 5. Nc3 Nc6 6. Be3 Bb4 7. Bd3 d5 8. f3 Bxc3+ 9. bxc3 e5 10. Ne2 0-0 11. Bg5 dxe4 12. Bxe4 Qxd1+ 13. Rxd1 Nxe4 14. fxe4 Bg4 15. h3 Bxe2 16. Kxe2 f6 17. Be3 Rfd8 18. Rd3 a6 19. Rb1 b5 20. Rbd1 Rac8 21. Bb6 Re8 22. Rd7 Ne7 23. Rc7 Rxc7 24. Bxc7 Rc8 25. Rd8+ Rxd8 26. Bxd8 Ng6 27. g3 Kf7 28. Kd3 Ke8 29. Ba5 Nf8 30. c4 Ne6 31. Bb4 bxc4+ 32. Kxc4 Ng5 33. Kd5 Nxh3 34. c4 Ng5 35. c5 Kd8 36. c6 g6 37. Bd6 Nf7 38. Ke6 Ng5+ 39. Kxf6 Nxe4+ 40. Kxe5 Nxg3 41. Kf4 Nf5 42. Be5 Kc8 43. Kg5 Ne3 44. Bf4 Nf5 45. Kf6 Nd4 46. Kg7 Ne6+ 47. Kxh7 Nxf4 48. Kh6 Kc7 49. Kg5 Nd3 50. Kxg6 Kxc6 51. Kf5 Kd5 52. Kg4 Kc4 53. Kf3 Nb4 54. Ke2 Nxa2 55. Kd2 Kb3 56. Kd3 a5 57. Kd2 a4 58. Kd3 Nb4+ 59. Kd2 a3 60. Ke3 a2 61. Ke4 a1Q 62. Kf5 Qd4 63. Kg5 Qe4 64. Kf6 Nd5+ 65. Kg5 Qf4+ 66. Kg6 Ne7+ 67. Kg7 Qf5 68. Kh8 Qf6+ 0-1

[Event "GER-ch U12 Girls"]
[Site "Willingen"]
[Date "2016.05.15"]
[Round "2"]
[White "Liu, Sijia Anna"]
[Black "Brunner, Sophia"]
[Result "0-1"]
[WhiteElo "1357"]
[BlackElo "1523"]
[PlyCount "138"]
[EventDate "2016.05.15"]
[EventType "swiss"]
[EventRounds "11"]
[EventCountry "GER"]
[SourceTitle "CBM 172 Extra"]
[Source "ChessBase"]
[SourceDate "2016.06.21"]
[SourceVersion "1"]
[SourceVersionDate "2016.06.21"]
[SourceQuality "1"]

1. e4 e5 2. Nf3 Nf6 3. Nxe5 d6 4. Nf3 Nxe4 5. Nc3 Nxc3 6. dxc3 Be7 7. Be3 Nd7 8. Qd2 Nb6 9. Bd3 Be6 10. a3 Qd7 11. 0-0-0 Bf6 12. Qe2 0-0-0 13. Nd4 Bxd4 14. Bxd4 f6 15. h3 Qf7 16. Rhe1 Rde8 17. Qf3 Kb8 18. Bf5 Bxf5 19. Qxf5 h6 20. Qd3 Qh5 21. Bxb6 axb6 22. Kd2 Qg5+ 23. Re3 Qxg2 24. Qe2 Qg5 25. Re1 Re5 26. Kd1 Rhe8 27. Rxe5 Rxe5 28. Qc4 Rxe1+ 29. Kxe1 Qc1+ 30. Ke2 Qxc2+ 31. Kf3 Qf5+ 32. Kg3 Qg5+ 33. Kf3 c6 34. Qg8+ Ka7 35. Qe6 d5 36. c4 dxc4 37. Qxc4 b5 38. Qd4+ Ka6 39. a4 bxa4 40. Qxa4+ Qa5 41. Qc4+ Kb6 42. Qf7 Qd5+ 43. Qxd5 cxd5 44. Ke2 Kc5 45. Ke3 Kc4 46. Kd2 g5 47. Kc2 h5 48. b3+ Kd4 49. Kd2 f5 50. f3 g4 51. fxg4 fxg4 52. hxg4 hxg4 53. Ke2 Kc3 54. Kf2 d4 55. Ke2 Kc2 56. b4 d3+ 57. Ke3 d2 58. Ke4 d1Q 59. Ke5 Qe1+ 60. Kd5 Qxb4 61. Ke5 g3 62. Kd5 g2 63. Ke5 g1Q 64. Kd5 Qgd4+ 65. Ke6 Qbd6+ 66. Kf5 Q6e5+ 67. Kg6 Qdd6+ 68. Kf7 Qee7+ 69. Kg8 Qdd8# 0-1